Jane austen : (Record no. 145346)
[ view plain ]
| 000 -LEADER | |
|---|---|
| fixed length control field | 00549nam a22001937a 4500 |
| 005 - DATE AND TIME OF LATEST TRANSACTION | |
| control field | 20171016111944.0 |
| 010 ## - LCCN (DPL NO) | |
| LC control number | 1718EN-30 |
| 020 ## - INTERNATIONAL STANDARD BOOK NUMBER | |
| International Standard Book Number | 978113768369 |
| Terms of availability | 495.00 |
| 037 ## - SOURCE OF ACQUISITION | |
| Source of stock number/acquisition | Atlantic |
| Stock number | dpl |
| 100 ## - MAIN ENTRY--PERSONAL NAME | |
| Personal name | Marsh, Nicholas |
| 245 ## - TITLE STATEMENT | |
| Title | Jane austen : |
| Statement of responsibility, etc | by Nicholas Marsh |
| Remainder of title | the novels / |
| 260 ## - PUBLICATION, DISTRIBUTION, ETC. (IMPRINT) | |
| Place of publication, distribution, etc | New York |
| Name of publisher, distributor, etc | Palgrave Macmillan |
| Date of publication, distribution, etc | 2016 |
| 270 ## - ADDRESS | |
| Address | 175, Fifth Avaenue, |
| City | New York |
| Postal code | NY-10010 |
| 300 v# - PHYSICAL DESCRIPTION | |
| Extent | ix,276p. |
| Dimensions | 21cm(pbk) |
| 500 ## - GENERAL NOTE | |
| General note | Includes index |
| 700 ## - ADDED ENTRY--PERSONAL NAME | |
| Personal name | |
| 942 ## - ADDED ENTRY ELEMENTS (KOHA) | |
| Source of classification or shelving scheme | Dewey Decimal Classification |
| Item type | English Books |
| Call number suffix | MAR |
No items available.
